Recent educational philosophies in india (Record no. 1736)

MARC details
000 -LEADER
fixed length control field 00479cam a2200181ua 4500
008 - FIXED-LENGTH DATA ELEMENTS--GENERAL INFORMATION
fixed length control field 110811n ii |||gr||||Z||||||eng
040 ## - CATALOGING SOURCE
Transcribing agency MAIN
082 ## - DEWEY DECIMAL CLASSIFICATION NUMBER
Classification number 370.54
100 ## - MAIN ENTRY--PERSONAL NAME
Personal name Chaube, S. P.,
Relator term
245 1# - TITLE STATEMENT
Title Recent educational philosophies in india
Statement of responsibility, etc. by S. P. Chaube
250 ## - EDITION STATEMENT
Edition statement 1st.
260 ## - PUBLICATION, DISTRIBUTION, ETC.
Place of publication, distribution, etc. Agra:
Name of publisher, distributor, etc. Ram prasad & sons.
300 ## - PHYSICAL DESCRIPTION
Extent xiii; 308p:
Dimensions 23cm.
942 ## - ADDED ENTRY ELEMENTS (KOHA)
Koha item type Books
653 ## - INDEX TERM--UNCONTROLLED
Uncontrolled term Education
653 ## - INDEX TERM--UNCONTROLLED
Uncontrolled term Recent educational philosophies in india
Holdings
Withdrawn status Lost status Damaged status Not for loan Home library Current library Shelving location Date acquired Total Checkouts Full call number Barcode Date last seen Date last checked out Copy number Price effective from Koha item type
        Naharkatiya College Library Naharkatiya College Library General Stacks 19/09/2020 1 370.54 | CHA 18389 30/06/2025 03/06/2025 1 19/09/2020 Books
        Naharkatiya College Library Naharkatiya College Library General Stacks 19/09/2020   370.54 | CHA 18390 19/09/2020   2 19/09/2020 Books

Naharkatiya College © 2020. All rights reserved.

Powered By